|
|
|
|
| LEADER |
00000nam0a2200000 4500 |
| 001 |
31583 |
| 005 |
20231030204524.0 |
| 010 |
|
|
|a 5777701191
|
| 010 |
|
|
|a 5-16-000439-4
|
| 035 |
|
|
|a (RuTPU)RU\TPU\book\31861
|
| 035 |
|
|
|a BOOK00000026
|
| 090 |
|
|
|a 31583
|
| 100 |
|
|
|a 20011209d2000 m y0rusy50 ca
|
| 101 |
0 |
|
|a rus
|
| 102 |
|
|
|a RU
|
| 105 |
|
|
|a y j 001zy
|
| 200 |
1 |
|
|a Эффективные переговоры
|e Практическое пособие для деловых людей
|f О. А. Митрошенков
|
| 205 |
|
|
|a 2-е изд., испр.
|
| 210 |
|
|
|a Москва
|c Весь Мир
|c Инфра-М
|d 2000
|
| 215 |
|
|
|a 279 с.
|
| 320 |
|
|
|a Библиогр.: с. 279.
|
| 610 |
1 |
|
|a психология
|
| 610 |
1 |
|
|a социальная психология
|
| 610 |
1 |
|
|a общение
|
| 610 |
1 |
|
|a деловое общение
|
| 610 |
1 |
|
|a переговоры
|
| 686 |
|
|
|a Ю953я7
|v LBC/SL-A
|2 rubbk
|
| 700 |
|
1 |
|a Митрошенков
|b О. А.
|g Олег Александрович
|
| 801 |
|
0 |
|a RU
|b 63413507
|c 20011209
|g PSBO
|
| 801 |
|
2 |
|a RU
|b 63413507
|c 20120517
|g PSBO
|
| 900 |
|
|
|a Деловое общение
|
| 942 |
|
|
|c BK
|